000 00522nam a22002177a 4500
003 UA-OsUOA
001 38667
007 ta
008 20060518b un ||||| |||| 00| 0 ukr d
100 _aВоронков В.
090 _a32
_bВ11
942 _cSA
040 _aUA-OsUOA
_bukr
_cUA-OsUOA
_dUA-OsUOA
245 _aІнвестиції готові приймати цілодобово
300 _a3 с.
955 _a0
041 _aukr
080 _a32
773 0 _w38666
650 7 _a32 Політика
_2UDC
999 _c324816
_d324816